=LDR 00000nam 2200000 4500 =001 INLIS000000000026362 =005 20130612124816 =008 ***********************************ind** =035 ##$$a0010-061300000026362 =041 ##$$a ind =082 ##$$a 320.5 =090 ##$$a 320.5, EBE i =100 ##$$a Ebenstein, William =245 ##$$a Isme-isme dewasa ini, William Ebenstein, Edwin fogelman; alih bahasa, Alex Jemadu =260 ##$$a 1994 $b Jakarta =300 ##$$a x, 258 hlm., 24 cm =650 ##$$a Ideologi Politik =700 ##$$a Jemadu, Alex =850 ##$$a NBPNMAT =990 ##$$a 94224/BPAP-NTB/2014